000 00869nam a22002537a 4500
999 _c10177
_d10177
003 AR-CdUCM
008 190329b ||||| |||| 00| 0 spa d
020 _a978-958-30-4577-6
040 _aMUNICIPALIDAD PROVINCIAL DEL CUSCO
_cBIBLIOTECA MUNICIPAL DEL CUSCO
041 _hspa
082 _aES / 803 /
_bC88
100 _aCruz, Afonso
_926880
245 _aLos libros que devoraron a mi padre :
_bla extraña y mágica historia de Vivaldo Bonfiim /
260 _aBogotá :
_bPanamericana,
_c2015.
300 _a149 páginas ;
_bIlustraciones
_c21.5 cm.
650 _aSiglo XXI
_92856
650 _aNovela juvenil
_9823
650 _aNovela infantil
_926881
650 _aPadres e hijos
_98978
700 _aRodríguez, Andrés (ilustraciones)
_926882
700 _aBarbosa López, Nicolás (traductor)
_926883
942 _2ddc
_cLIBROS
945 _apjha
_d2019-05-14